|
|
|
|
| LEADER |
00897nam a2200361 4500 |
| 001 |
DLU110121037 |
| 005 |
##20110510 |
| 040 |
# |
# |
|a DLU
|b vie
|
| 041 |
# |
# |
|a eng
|
| 044 |
# |
# |
|a vn
|
| 082 |
# |
# |
|a 428.2
|b GR-J
|
| 100 |
# |
# |
|a Gregg, Joan Young.
|
| 245 |
# |
# |
|a Science and society :
|b a reading - writing text /
|c Joan Young Gregg, Joan Russell.
|
| 250 |
# |
# |
|a 2nd ed.
|
| 260 |
# |
# |
|a Dubuque, Iowa :
|b Kendall/Hunt Pub. Co.,
|c 1995.
|
| 300 |
# |
# |
|a xiii, 364 p. ;
|c 24 cm.
|
| 653 |
# |
# |
|a Academic writing
|
| 653 |
# |
# |
|a English language
|
| 653 |
# |
# |
|a Reading
|
| 653 |
# |
# |
|a Textbooks for foreign speakers
|
| 700 |
# |
# |
|a Russell, Joan,
|d 1929-
|
| 923 |
# |
# |
|a 01/2011NN
|
| 991 |
# |
# |
|a GT
|
| 992 |
# |
# |
|a 0
|
| 993 |
# |
# |
|a 1995
|
| 994 |
# |
# |
|a KNN
|
| 900 |
# |
# |
|a True
|
| 911 |
# |
# |
|a Nguyễn Thanh Hương
|
| 925 |
# |
# |
|a G
|
| 926 |
# |
# |
|a A
|
| 927 |
# |
# |
|a SH
|
| 980 |
# |
# |
|a Thư viện Trường Đại học Đà Lạt
|